Normal view MARC view
  • Farrow, Brendan,

Entry Personal Name

Number of records used in: 3

001 - CONTROL NUMBER

  • control field: 5466

003 - CONTROL NUMBER IDENTIFIER

  • control field: NUST

005 - DATE AND TIME OF LATEST TRANSACTION

  • control field: 20171016110815.0

008 - FIXED-LENGTH DATA ELEMENTS

  • fixed length control field: 171016|| aca||aabn | a|a d

040 ## - CATALOGING SOURCE

  • Original cataloging agency: NUST
  • Transcribing agency: NUST

100 ## - HEADING--PERSONAL NAME

  • Personal name: Farrow, Brendan,
  • Dates associated with a name: 1932-

670 ## - SOURCE DATA FOUND

  • Source citation: Work cat.: (NUST)0: Amin, Mohamed, 1943- 5462, Pakistan, from mountains to sea /, 1994.
© 2023 Central Library, National University of Sciences and Technology. All Rights Reserved.